01353nam a2200361 a 4500001001100000003000800011006001900019007001500038008004100053015001500094016001900109020002200128020002100150040002100171035002000192050002400212082002300236100002900259245009200288260003200380300002500412490002400437504004600461533015200507650000900659650006100668651003100729651003500760655002900795710001700824830002500841856012500866ebr5003257CaPaEBRm u cr cn|||||||||981207s1999 enkb sb 001 0 eng  aGB98-V42747 a18572852472Uk z1857285247(cased) z1857285255(pbk.) aCaPaEBRcCaPaEBR a(OCoLC)4813836514aDT21.5b.C58 1999eb04a355.02096090452211 aClayton, Anthony,d1928-10aFrontiersmenh[electronic resource] :bwarfare in Africa since 1950 /cAnthony Clayton. aLondon :bUCL Press,c1999. axxiv,235 p. :bmaps.1 aWarfare and history aBibliography: p227-229. - Includes index. aElectronic reproduction.bPalo Alto, Calif. :cebrary,d2013.nAvailable via World Wide Web.nAccess may be limited to ebrary affiliated libraries. 0aWar. 0aMilitary art and sciencezAfricaxHistoryy20th century. 0aAfricaxHistory, Military. 0aAfricaxHistoryy20th century. 7aElectronic books.2local2 aebrary, Inc. 0aWarfare and history.40uhttp://site.ebrary.com/lib/rucke/Doc?id=5003257zAn electronic book accessible through the World Wide Web; click to view